Rasheed Fatimah, 1937-1987: an autobiography in letters (Record no. 5110)

000 -LEADER
fixed length control field 00483 a2200157 4500
020 ## - INTERNATIONAL STANDARD BOOK NUMBER
International Standard Book Number 9698967001
040 ## - CATALOGING SOURCE
Original cataloging agency DLC
Language of cataloging DLC
082 ## - DEWEY DECIMAL CLASSIFICATION NUMBER
Classification number 920.725491
100 ## - MAIN ENTRY--PERSONAL NAME
Personal name Rasheed Fatimah
245 ## - TITLE STATEMENT
Title Rasheed Fatimah, 1937-1987: an autobiography in letters
Statement of responsibility, etc. Rasheed Fatimah
260 ## - PUBLICATION, DISTRIBUTION, ETC.
Place of publication, distribution, etc. Lahore :
Name of publisher, distributor, etc. Irfan Imtiazi,
Date of publication, distribution, etc. 2006.
300 ## - PHYSICAL DESCRIPTION
Extent xiv, 774 p. ;
Dimensions 23 cm.
500 ## - GENERAL NOTE
General note Includes Index
650 ## - SUBJECT ADDED ENTRY--TOPICAL TERM
Topical term or geographic name entry element 1.Rasheed Fatimah, 1937-1987. 2.Pakistan --Biography.
942 ## - ADDED ENTRY ELEMENTS (KOHA)
Koha item type Book
Call number prefix 920.725491 RAS
Source of classification or shelving scheme
Holdings
Withdrawn status Lost status Damaged status Not for loan Collection code Permanent Location Current Location Shelving location Date acquired Source of acquisition Cost, normal purchase price Total Checkouts Full call number Barcode Date last seen Price effective from Koha item type
          Central Library (CL) Central Library (CL) General Stacks 06/08/2009 Donation 0.00   920.725491 RAS SEECS009525 11/14/2012 01/05/2017 Book
© 2023 Central Library, National University of Sciences and Technology. All Rights Reserved.